| 000 | 00698nam a22002297a 4500 | ||
|---|---|---|---|
| 003 | OSt | ||
| 005 | 20150312162152.0 | ||
| 008 | 150312b xxu||||| |||| 00| 0 eng d | ||
| 020 | _a0-7614-0436-8 | ||
| 040 | _cBMC | ||
| 082 | _a973 | ||
| 082 | _a306.73 | ||
| 100 | 1 |
_aCollier, Christopher _930196 |
|
| 245 | 1 | 0 |
_aClash of cultures _b: prehistory - 1638 _cChristopher Collier, James Lincoln Collier |
| 260 |
_aNew York _bBenchmark Books _ccop. 1998 |
||
| 300 |
_a95 p. _bil. _c24 cm |
||
| 490 | _aThe drama of American history | ||
| 651 | 4 |
_aEstados Unidos _xHistoria _91264 |
|
| 651 | 4 |
_aEstados Unidos _xCultura _917960 |
|
| 700 | 1 |
_aCollier, James Lincoln _917906 |
|
| 942 |
_2ddc _cBK _hahoj |
||
| 999 |
_c19516 _d19516 |
||